000 00478nam a2200181Ia 4500
005 20250326124703.0
008 250326s9999 xx 000 0 und d
037 _aTextbook
040 _aFMSL
_beng
_cFMSL
041 _aeng
_2eng
084 _aX:87 L21
_qFMSL
100 _aBarton A
_9737791
245 0 _aHungry executive
_cBarton A
260 _aLondon
_bLondon, Business Books
_c1972
300 _a138p
942 _cTB
_hX:87 L21
999 _c1274749
_d1274749